Statistics for NCAAM Basketball Logo Quiz: Atlantic 10

Click here to take the quiz!

General Stats

  • This quiz has been taken 147 times
    (118 since last reset)
  • The average score is 13 of 15

Answer Stats

Answer% Correct
Dayton
96%
Massachusetts
96%
George Washington
93%
Davidson
91%
George Mason
91%
Richmond
91%
Rhode Island
90%
Loyola Chicago
89%
Virginia Commonwealth
86%
Fordham
85%
St. Louis
81%
St. Bonaventure
80%
Duquesne
79%
St. Joseph
69%
LaSalle
52%

Score Distribution

Percentile by Number Answered

Percent of People with Each Score

Your Score History

You have not taken this quiz since the last reset